Normal view
MARC view
Entry Personal Name
001 - CONTROL NUMBER
- control field: 2106
003 - CONTROL NUMBER IDENTIFIER
- control field: ARRUPE
005 - DATE AND TIME OF LATEST TRANSACTION
- control field: 20131004120918.0
008 - FIXED-LENGTH DATA ELEMENTS
- fixed length control field: 131004|| aca||aabn | a|a d
040 ## - CATALOGING SOURCE
- Original cataloging agency: ARRUPE
- Transcribing agency: ARRUPE
100 ## - HEADING--PERSONAL NAME
- Personal name: Derr, Thomas Sieger,
- Dates associated with a name: 1931-
670 ## - SOURCE DATA FOUND
- Source citation: Work cat.: (ARRUPE)0: Derr, Thomas Sieger, 1931-, Environmental ethics and Christian humanism /, c1996.